00350nam a2200121Ia 4500003000400000008004100004040001600045082001700061100001900078245006700097260002900164650003500193GCL140319s9999 xx 000 0 eng d aGCL / cGCL04a364.142bI B1 aJONES, JAMES H10aBAD BLOOD: THE TUSKEGEE SPHITIS EXPERIMENTS / cJONES, JAMES H a[S.N] : bTHE FREE PRESS04aHUMAN EXPEREMENTIONL IN MEDICI